[Event "GER-chT U14 Girls"]
[Site "Arendsee"]
[Date "2011.12.29"]
[Round "6.3"]
[White "Gaerling, Paula"]
[Black "Weiten, Katharina"]
[Result "1-0"]
[WhiteElo "1104"]
[BlackElo "755"]
[PlyCount "127"]
[EventDate "2011.12.27"]
[EventType "team-swiss"]
[EventRounds "7"]
[EventCountry "GER"]
[SourceTitle "EXT 2022"]
[Source "ChessBase"]
[SourceDate "2021.10.06"]
[SourceVersion "1"]
[SourceVersionDate "2021.10.06"]
[SourceQuality "1"]
[WhiteTeam "Bad Hersfeld U14 Girls"]
[BlackTeam "Riegelsberg U14 Girls"]
[WhiteTeamCountry "GER"]
[BlackTeamCountry "GER"]

1. e4 e5 2. Nf3 Nc6 3. Nc3 Nf6 4. d4 exd4 5. Nxd4 Bc5 6. Nxc6 bxc6 7. Bg5 h6 8. Bh4 Qe7 9. Bd3 0-0 10. Qe2 d6 11. Rf1 Re8 12. a3 Bd4 13. f3 Rb8 14. 0-0-0 Bxc3 15. bxc3 d5 16. Kd2 dxe4 17. Bxf6 Qxf6 18. fxe4 Qg5+ 19. Qe3 Qxg2+ 20. Rf2 Qg4 21. Rdf1 Be6 22. Qxa7 Qg5+ 23. Qe3 Qxe3+ 24. Kxe3 Ra8 25. Ra1 Bd5 26. c4 Be6 27. Kd2 g5 28. e5 Red8 29. Kc3 Kg7 30. Be4 Ra6 31. a4 c5 32. Rf3 Bd7 33. Bd5 Rxa4 34. Rxa4 Bxa4 35. Rxf7+ Kg6 36. Rxc7 Rf8 37. Rxc5 Rf2 38. Be4+ Kh5 39. Ra5 Bd7 40. Ra1 Rxh2 41. Rh1 Rxh1 42. Bxh1 Kg6 43. Kd4 Kf5 44. c5 Be6 45. c6 g4 46. Bg2 h5 47. c7 h4 48. Bd5 Bc8 49. e6 Kf6 50. Kc5 Ke7 51. Kb6 Kd6 52. Bb7 g3 53. c4 g2 54. c5+ Kxe6 55. Bxg2 Kf5 56. Bh3+ Kg5 57. Bxc8 Kf4 58. Bd7 Kg5 59. c8Q Kf4 60. Qf8+ Kg5 61. Qf5+ Kh6 62. Qg4 h3 63. Bf5 h2 64. Qg6# 1-0

[Event "GER-chT U14 Girls"]
[Site "Arendsee"]
[Date "2011.12.27"]
[Round "1.3"]
[White "Gaerling, Paula"]
[Black "Zander, Carolin"]
[Result "1-0"]
[WhiteElo "1104"]
[BlackElo "909"]
[PlyCount "99"]
[EventDate "2011.12.27"]
[EventType "team-swiss"]
[EventRounds "7"]
[EventCountry "GER"]
[SourceTitle "EXT 2022"]
[Source "ChessBase"]
[SourceDate "2021.10.06"]
[SourceVersion "1"]
[SourceVersionDate "2021.10.06"]
[SourceQuality "1"]
[WhiteTeam "Bad Hersfeld U14 Girls"]
[BlackTeam "Magdeburg USC U14 Girls"]
[WhiteTeamCountry "GER"]
[BlackTeamCountry "GER"]

1. e4 e5 2. Nf3 Nc6 3. Nc3 Nf6 4. d4 exd4 5. Nxd4 Bb4 6. Nxc6 bxc6 7. Bd3 d5 8. Bd2 0-0 9. 0-0 Re8 10. Re1 Bc5 11. Qf3 Bg4 12. Qg3 Qd6 13. e5 Nh5 14. Qxg4 Rxe5 15. Rxe5 Qxe5 16. Re1 Nf6 17. Qxg7+ Kxg7 18. Rxe5 Kf8 19. Bh6+ Kg8 20. Rg5+ Kh8 21. Bg7+ Kg8 22. Bxf6+ Kf8 23. Bxh7 Ke8 24. Rg8+ Bf8 25. Bg7 Ke7 26. Bxf8+ Rxf8 27. Rxf8 Kxf8 28. f4 f6 29. Kf2 Kg7 30. Bf5 d4 31. Ne4 Kf7 32. Bd7 c5 33. Nxc5 Ke7 34. Bf5 Kd6 35. Ne4+ Kd5 36. Nxf6+ Kc4 37. h4 d3 38. Bxd3+ Kd4 39. h5 c5 40. h6 c4 41. Bf5 a5 42. h7 c3 43. b3 Kc5 44. h8Q Kb4 45. Qf8+ Kb5 46. Bd3+ Kc6 47. Qd8 Kb7 48. Bb5 Ka7 49. Qc7+ Ka8 50. Bc6# 1-0